Zánik účasti spoločníka v spoločnosti
Zánik účasti spoločníka v spoločnosti ako jeden z typov vlastníckych vzťahov. Sledovanie nasledovných zmien vo vlastníckych štruktúrach obchodnej spoločnosti vzhľadom na zákonom určené podmienky.
Na minha lista:
| Autor principal: | |
|---|---|
| Outros Autores: | |
| Formato: | Capítulo de Livro |
| Idioma: | eslovaco |
| Assuntos: | |
| Tags: |
Sem tags, seja o primeiro a adicionar uma tag!
|
MARC
| LEADER | 00000nla a2200000 4500 | ||
|---|---|---|---|
| 001 | 0180637 | ||
| 005 | 20240502073101.8 | ||
| 041 | 0 | |a slo | |
| 044 | |a SK | ||
| 245 | 1 | 0 | |a Zánik účasti spoločníka v spoločnosti |c Lucia Ondrušová, Katarína Máziková |
| 520 | |a Zánik účasti spoločníka v spoločnosti ako jeden z typov vlastníckych vzťahov. Sledovanie nasledovných zmien vo vlastníckych štruktúrach obchodnej spoločnosti vzhľadom na zákonom určené podmienky. | ||
| 610 | 2 | 0 | |a spoločnosti obchodné |
| 610 | 2 | 0 | |a imanie základné |
| 610 | 2 | 0 | |a vzťahy vlastnícke |
| 610 | 2 | 0 | |a podiely obchodné |
| 100 | 1 | |a Ondrušová, Lucia, 1981- | |
| 700 | 1 | |a Máziková, Katarína | |